000 00809nam a2200253Ia 4500
003 OSt
005 20220923222241.0
006 a|||||r|||| 00| 0
007 ta
008 Pun
024 _a204,004
037 _cTextual
040 _aARTS
_cARTS
_bPun
041 _2Pun
_aPun
082 _aO153,3N191,JE, 152L3
100 _aअमृता प्रीतम; सूद, केवल, अनु.
_9166420
245 0 _aजेबकतरे
246 _aJebakatare
260 _aदिल्ली
_b राजपाल एंड सन्स
_c1973
300 _a121पृ0
_ccm.
650 _aपंजाबी निबंध
942 _hO153,3N191,JE, 152L3
_cTEXL
_2CC
999 _c354754
_d354754